European Darts Open Winners - Statistics

General Stats
  • This quiz has been taken 7 times
  • The average score is 6 of 8
Answer Stats
Year Country Winner % Correct
2023 Wales Gerwyn Price
100%
2022 Netherlands Michael van Gerwen
86%
2019 Netherlands Michael van Gerwen
86%
2018 Netherlands Michael van Gerwen
86%
2016 Netherlands Michael van Gerwen
86%
2017 Scotland Peter Wright
86%
2025 England Nathan Aspinall
71%
2024 England Dave Chisnall
29%
No matching quizzes found
Score Distribution
Percent of People with Each Score
Percentile by Number Answered
Your Score History
You have not taken this quiz